Zgadnij kraj po opisie flagi. Poziom Średni (#1) - Statystyki

Ogólne statystyki
  • Ten quiz został rozwiązany 18 razy
  • Średni wynik to 9 z 10
Statystyki odpowiedzi
Opis flagi Państwo % Poprawnych
Jest to prostokąt o proporcjach 2:3, podzielony czerwonym krzyżem na cztery ćwiartki, z których każda ma czerwony krzyżyk umieszczony na środku. Gruzja
100%
Jest to biały prostokąt o proporcjach 8:11 przecięty dwoma równymi, poziomymi niebieskimi pasami. Na środku umieszczona została gwiazda Dawida, również niebieska. Izrael
100%
Jest to czerwony prostokąt o proporcjach 2:3. Na środku flagi położone jest koło z „wyciętym” kształtem półksiężyca i pięcioramiennej gwiazdy. Tunezja
100%
Jest to kwadrat podzielony na dwa pionowe pasy, biały i żółty. Na środku białego pasa znajduje się symbol dwóch skrzyżowanych kluczy, złotego i srebrnego oraz tiary papieskiej. Watykan
100%
Jest to granatowy prostokąt o proporcjach 1:2, w którego kantonie znajduje się Union Jack. W części swobodnej (po prawej) znajduje się Krzyż Południa ułożony z białych gwiazd, a pod Union Jackiem znajduje się pojedyncza, siedmioramienna gwiazda znana jako Commonwealth Star lub Federation Star. Australia
92%
Jest to prostokąt o proporcjach 2:3, złożony z dwóch poziomych pasów w kolorach: białym i czerwonym; przy drzewcu umieszczony został niebieski trójkąt. Czechy
92%
Jest to prostokąt o proporcjach 18:25. Na niebieskim tle znajduje się czerwony krzyż skandynawski z białym konturem. Islandia
92%
Jest to prostokąt o proporcjach 2:3, podzielony na trzy równe, pionowe pasy: zielony, żółty i czerwony. Na środku znajduje się zielona gwiazda. Senegal
92%
Jest to prostokąt o proporcjach 2:3, podzielony na dwa równe, poziome pasy: niebieski i czerwony. W kantonie znajduje się korona dodana po Igrzyskach Olimpijskich w 1936 roku, w celu odróżnienia się flagi ………….. od flagi Haiti. Liechtenstein
83%
Flaga …… to prostokąt o proporcjach 2:3 podzielony na dziewięć równych, ułożonych na przemian poziomych pasów: pięć niebieskich i cztery białe. W kantonie znajduje się biały krzyż na niebieskim tle. Grecja
67%
Nie znaleziono quizów pasujących do podanych kryteriów
Rozkład punktacji
Procent ludzi z każdym wynikiem
Percentyl według liczby udzielonych odpowiedzi
Twoja historia wyników
Nie rozwiązałeś tego quizu